Quick Pick: 1980s Disney Quiz Stats

 Plays Quiz Updated Feb 16, 2018

Challenge
Share
Tweet
Embed
Score 0/5 Timer 01:00
7 Plays Today
% Correct
The Little Mermaid
66.2%
The Fox and the Hound
61.6%
Oliver & Company
58.6%
The Great Mouse Detective
53.8%
The Black Cauldron
51.3%

Today's Daily Dose

Missing Word
Bible Verses

Quick Pick
Brad Pitt Roles

On This Day
July 21st II

You're not logged in!

Compare scores with friends on all Sporcle quizzes.
Join for Free
OR
Log In

You Might Also Like...

Show Comments

Extras

Top Quizzes Today


Score Distribution

Your Account Isn't Verified!

In order to create a playlist on Sporcle, you need to verify the email address you used during registration. Go to your Sporcle Settings to finish the process.

Report this User

Report this user for behavior that violates our Community Guidelines.

Details: